000 03827cam a22012494i 4500
003 PE-LiUPU
005 20250813185416.0
008 150616s r 000 0 d
020 _a8425410223
035 _a(Sirsi) i9788425410222
040 _aPE-LiUPU
_bspa
_cPE-LiUPU
_erda
049 _aPRUA
082 0 4 _a370.9
_bB789
_221
100 1 _aBowen, James,
_d1928-,
_eautor.
245 1 0 _aHistoria de la educación Occidental :
_bEl mundo antigüo Oriente próximo y Mediterráneo 2000 a.C.-1054 d.C. /
_cJames Bowen ; [versión del inglés de Juan Estruch].
264 1 _aBarcelona :
_bEditorial Herder,
_c1976.
300 _a480 páginas :
_bilustraciones ;
_c24 centímetros
336 _atext
_2rdacontent
337 _aunmediated
_2rdamedia
338 _avolume
_2rdacarrier
504 _aIncluye bibliografía.
505 0 _aLas primeras culturas de escribas: Mesopotamia -- Las culturas de escribas: Egipto -- La primitiva civilización helénica: cultura, saber y filosofía -- Atenas: el siglo V -- El saber en la Atenas del siglo IV: la retórica y la filosofía -- Aristóteles y el saber en la Atenas helenísta -- El oriente helenístico -- Roma: la república -- Roma: el imperio -- Conflicto religioso y sincretismo: la educación y el pensamiento cristiano primitivo -- Los fundamentos de la educación cristiana -- La perseveración del saber tradicional: Bizancio -- La iglesia cristiana y el saber en Occidente.
526 _aP202
526 _aP201
526 _aP163
526 _aP162
526 _aP161
526 _aP160
526 _aP148
526 _aP147
526 _aP146
526 _aP145
526 _aP144
526 _aP143
526 _aP142
526 _aP141
526 _aP140
526 _aP139
526 _aP138
526 _aP137
526 _aP136
526 _aP135
526 _aP134
526 _aP133
526 _aP129
526 _aP128
526 _aP127
526 _aP120
526 _aP119
526 _aP118
526 _aP116
526 _aP115
526 _aP114
526 _aP110
526 _aP109
526 _aP108
526 _aP104
526 _aP103
526 _aP102
526 _aP99
526 _aP98
526 _aP97
526 _aP96
526 _aP95
526 _aP93
526 _aP90
526 _aP89
526 _aP88
526 _aP83
526 _aP82
526 _aP62
526 _aP59
526 _aP58
526 _aP57
526 _aP51
526 _aP49
526 _aP48
526 _aP47
526 _aP29
526 _aP24
526 _aP20
526 _aP19
526 _aP17
526 _aP15
526 _aP14
526 _aP12
526 _aP10
526 _aP09
526 _aP08
526 _aP07
526 _aP06
526 _aP05
526 _aP04
526 _aP01
650 0 4 _aEducación
_xHistoria.
700 1 _aEstruch, Joan,
_d1943-,
_etraductor.
910 _ajck
_bjvq
_cjck
942 _2ddc
_cBOOK
949 _a370.9 B789
_wDEWEY
_c1
_i25941
_lCCODEBUL1
_mBUL
_r0
_sY
_tBOOK
_u2015-6-16
_xEDUCACION
_PP20
_0COMPRA
_o.STAFF. Colección General
949 _a370.9 B789
_wDEWEY
_c2
_i15556
_lCCODEBUL1
_mBUL
_r0
_sY
_tBOOK
_u2015-6-16
_xEDUCACION
_PP20
_0COMPRA
_o.STAFF. Colección General
994 _aC0
_bPEPRU
596 _a1
999 _a370.9 B789
_wDEWEY
_c27451
_i25941
_d27451
_e2018-5-13
_f2021-11-5
_g5
_lCCODEBUL1
_mBUL
_n1
_r0
_sY
_tBOOK
_u2015-6-16
_xBIBLIOTECA
_PP20
_0COMPRA
_o.STAFF. Colección General
999 _a370.9 B789
_wDEWEY
_c2
_i15556
_f2021-11-5
_g5
_lCCODEBUL1
_mBUL
_r0
_sY
_tBOOK
_u2015-6-16
_xBIBLIOTECA
_PP20
_0COMPRA
_o.STAFF. Colección General
980 _81
_gALBERTO SANCHEZ Responsable de Automatización